Migration or automation? Recommendations for how to better navigate labour shortages in the EU (Record no. 9134)

MARC details
000 -LEADER
fixed length control field 02231nam a22003617u 4500
001 - CONTROL NUMBER
control field pwiiw7283
003 - CONTROL NUMBER IDENTIFIER
control field OSt
005 - DATE AND TIME OF LATEST TRANSACTION
control field 20260516120037.0
008 - FIXED-LENGTH DATA ELEMENTS--GENERAL INFORMATION
fixed length control field 250411t2025 au ||||| |||| 00| ||eng d
040 ## - CATALOGING SOURCE
Transcribing agency OSt
041 ## - LANGUAGE CODE
Language code of text/sound track or separate title eng
084 ## - OTHER CLASSIFICATION NUMBER
Classification number F22
-- O15
-- K37
Number source jelc
100 1# - MAIN ENTRY--PERSONAL NAME
Personal name de Lange, Tesseltje
245 10 - TITLE STATEMENT
Title Migration or automation? Recommendations for how to better navigate labour shortages in the EU
260 ## - PUBLICATION, DISTRIBUTION, ETC.
Place of publication, distribution, etc. Wien :
Name of publisher, distributor, etc. Wiener Institut für Internationale Wirtschaftsvergleiche (wiiw),
Date of publication, distribution, etc. 2025.
300 ## - PHYSICAL DESCRIPTION
Extent 19 S.,
Other physical details 2 Figures,
Dimensions 30cm.
490 1# - SERIES STATEMENT
Series statement wiiw Policy Notes and Reports
Volume/sequential designation 95
520 ## - SUMMARY, ETC.
Summary, etc. This policy brief draws on the findings of Tverdostup et al. (2025) to examine Austrian firms’ responses to labour shortages through automation and migration. Like many European nations, Austria has been grappling with labour shortages over the past decade. These shortages have been influenced by demographic shifts, economic cycles and evolving industry demands. Understanding these trends is crucial for formulating effective policy responses, particularly in the realms of migration, education and automation, three policy domains central to our Horizon Europe project formulating a Global Strategy for Skills, Migration and Development (GS4S). The referenced empirical evidence indicates that automation largely complements human labour, notably benefiting low-educated migrants who are not from the European Economic Area (EEA), but posing challenges for highly educated migrant workers. Policy recommendations include improving EU migration policies, streamlining the recognition of qualifications, developing targeted training initiatives, and incentivising responsible automation practices to foster inclusive labour market growth and resilience.<br/>
650 ## - SUBJECT ADDED ENTRY--TOPICAL TERM
Topical term or geographic name entry element automation
650 ## - SUBJECT ADDED ENTRY--TOPICAL TERM
Topical term or geographic name entry element labour migration
650 ## - SUBJECT ADDED ENTRY--TOPICAL TERM
Topical term or geographic name entry element skills
650 ## - SUBJECT ADDED ENTRY--TOPICAL TERM
Topical term or geographic name entry element labour shortages
650 ## - SUBJECT ADDED ENTRY--TOPICAL TERM
Topical term or geographic name entry element substitution
650 ## - SUBJECT ADDED ENTRY--TOPICAL TERM
Topical term or geographic name entry element EU
651 ## - SUBJECT ADDED ENTRY--GEOGRAPHIC NAME
Geographic name Austria
651 ## - SUBJECT ADDED ENTRY--GEOGRAPHIC NAME
Geographic name European Union
690 ## - LOCAL SUBJECT ADDED ENTRY--TOPICAL TERM (OCLC, RLIN)
Topical term or geographic name as entry element Labour, Migration and Income Distribution
700 1# - ADDED ENTRY--PERSONAL NAME
Personal name Ghodsi, Mahdi
700 1# - ADDED ENTRY--PERSONAL NAME
Personal name Tverdostup, Marina
830 #0 - SERIES ADDED ENTRY--UNIFORM TITLE
Volume/sequential designation 95
Bibliographic record control number WIIW0000092
Title of a work wiiw Policy Notes and Reports
856 40 - ELECTRONIC LOCATION AND ACCESS
Uniform Resource Identifier <a href="https://wiiw.ac.at/p-7283.html">https://wiiw.ac.at/p-7283.html</a>
942 ## - ADDED ENTRY ELEMENTS (KOHA)
Koha item type Paper
Holdings
Withdrawn status Lost status Damaged status Not for loan Home library Current library Shelving location Date acquired Inventory number Total Checkouts Full call number Barcode Date last seen Price effective from Koha item type
        WIIW WIIW Library 04/11/2025 pwiiw7283   95 1000010007283 04/11/2025 04/11/2025 Paper
The Vienna Instiute for International Economic Studies (wiiw)